Polskie Gminy graniczące z innymi Państwami - Statystyki

Ogólne statystyki
  • Ten quiz został rozwiązany 50 razy
    19 od ostatniego zresetowania
  • Średni wynik to 61 z 172
Statystyki odpowiedzi
Państwo Województwo Powiat Typ Gminy Gmina % Poprawnych
Niemcy zachodniopmorskie miasto na prawach powiatu miejska Świnoujście
100%
miejsko-wiejska Police
93%
miejsko-wiejska Bogatynia
87%
miejska Cieszyn
87%
miasto na prawach powiatu Jelenia Góra
87%
miejska Zakopane
87%
miejska | wiejska Zgorzelec
87%
miejska Karpacz
80%
policki miejsko-wiejska Nowe Warpno
80%
miejsko-wiejska Słubice
80%
wiejska Braniewo
73%
głubczycki miejsko-wiejska Głubczyce
73%
wiejska Hrubieszów
73%
miasto na prawach powiatu miejska Jastrzębie-Zdrój
73%
kamiennogórski wiejska Kamienna Góra
73%
wiejska Włodawa
73%
wiejska Bartoszyce
67%
miejsko-wiejska Gołdap
67%
gryfiński miejsko-wiejska Gryfino
67%
lubuskie gorzowski miejska Kostrzyn nad Odrą
67%
miejska Kudowa-Zdrój
67%
prudnicki miejsko-wiejska Prudnik
67%
wiejska Przemyśl
67%
wiejska Sejny
67%
miejska | wiejska Terespol
67%
wiejska Białowieża
60%
wiejska Bukowina Tatrzańska
60%
miejsko-wiejska Cedynia
60%
miejska | wiejska Gubin
60%
wiejska Kołbaskowo
60%
wiejska Medyka
60%
karkonoski miejska Szklarska Poręba
60%
miejsko-wiejska Ustrzyki Dolne
60%
miejsko-wiejska Węgorzewo
60%
wiejska Czarna
53%
wiejska Czarny Dunajec
53%
miejsko-wiejska Lądek-Zdrój
53%
wiejska Lubaczów
53%
miejsko-wiejska Międzylesie
53%
miejska Wisła
53%
miejsko-wiejska Bystrzyca Kłodzka
47%
wiejska Dobra (Szczecińska)
47%
wiejska Dorohusk
47%
pomorskie nowodworski miejska Krynica Morska
47%
miejsko-wiejska Muszyna
47%
miejsko-wiejska Otmuchów
47%
wiejska Poronin
47%
krośnieński miejsko-wiejska Dukla
40%
miejska Duszniki-Zdrój
40%
miejsko-wiejska Głuchołazy
40%
tatrzański wiejska Kościelisko
40%
miejsko-wiejska Krynica-Zdrój
40%
wiejska Lewin Kłodzki
40%
kłodzki wiejska Nowa Ruda
40%
opolskie nyski miejsko-wiejska Paczków
40%
miejsko-wiejska Sokółka
40%
miejska Świeradów-Zdrój
40%
miejsko-wiejska Szczawnica
40%
małopolskie suski wiejska Zawoja
40%
miejsko-wiejska Chojna
33%
leski wiejska Cisna
33%
miejsko-wiejska Cybinka
33%
wiejska Czorsztyn
33%
wiejska Janów Podlaski
33%
sanocki wiejska Komańcza
33%
wiejska Krościenko nad Dunajcem
33%
miejska Łęknica
33%
miejsko-wiejska Radków
33%
miejsko-wiejska Stronie Śląskie
33%
miejska Ustroń
33%
ząbkowicki miejsko-wiejska Złoty Stok
33%
wiejska Hanna
27%
wiejska Horodło
27%
wiejska Horyniec-Zdrój
27%
wiejska Istebna
27%
wiejska Kodeń
27%
miejska Kowary
27%
miejsko-wiejska Lubawka
27%
lubelskie tomaszowski miejsko-wiejska Lubycza Królewska
27%
bieszczadzki wiejska Lutowiska
27%
białostocki miejsko-wiejska Michałowo
27%
miejsko-wiejska Mieszkowice
27%
nowosądecki miejsko-wiejska Piwniczna-Zdrój
27%
wiejska Trzebiel
27%
dolnośląskie zgorzelecki miejsko-wiejska Węgliniec
27%
włodawski wiejska Wola Uhruska
27%
miejska Zawidów
27%
wiejska Branice
20%
żarski wiejska Brody
20%
hajnowski wiejska Czeremcha
20%
hrubieszowski wiejska Dołhobyczów
20%
miejsko-wiejska Głuszyca
20%
wodzisławski wiejska Gorzyce
20%
wiejska Hażlach
20%
wiejska Jabłonka
20%
wiejska Jeleśnia
20%
miejsko-wiejska Kietrz
20%
podkarpackie jasielski wiejska Krempna
20%
sokólski miejsko-wiejska Krynki
20%
wiejska Kuźnica
20%
nowotarski wiejska Łapsze Niżne
20%
lubański miejsko-wiejska Leśna
20%
augustowski miejsko-wiejska Lipsk
20%
podlaskie siemiatycki wiejska Mielnik
20%
wałbrzyski miejsko-wiejska Mieroszów
20%
wiejska Milówka
20%
lwówecki miejsko-wiejska Mirsk
20%
wiejska Narewka
20%
miejsko-wiejska Pieńsk
20%
wiejska Podgórzyn
20%
wiejska Przewóz
20%
bartoszycki miejsko-wiejska Sępopol
20%
bialski wiejska Sławatycze
20%
wiejska Sulików
20%
wiejska Tuplice
20%
gorlicki wiejska Uście Gorlickie
20%
wiejska Węgierska Górka
20%
lubaczowski wiejska Wielkie Oczy
20%
wiejska Wiżajny
20%
myśliborski wiejska Boleszkowice
13%
wiejska Dubicze Cerkiewne
13%
chełmski wiejska Dubienka
13%
miejsko-wiejska Głogówek
13%
wiejska Goleszów
13%
słubicki wiejska Górzyca
13%
wiejska Gródek
13%
wiejska Jaśliska
13%
miejsko-wiejska Kleszczele
13%
miejsko-wiejska Krzanowice
13%
wiejska Krzyżanowice
13%
nowotarski wiejska Lipnica Wielka
13%
krośnieński wiejska Maszewo
13%
wiejska Nowy Dwór
13%
wiejska Puńsk
13%
jarosławski wiejska Radymno
13%
wiejska Rokitno
13%
wiejska Sękowa
13%
suwalski wiejska Szypliszki
13%
wiejska Widuchowa
13%
wiejska Banie Mazurskie
7%
Rosja warmińsko-mazurskie gołdapski wiejska Dubeninki
7%
przemyski wiejska Fredropol
7%
wiejska Godów
7%
wiejska Górowo Iławeckie
7%
wiejska Koszarawa
7%
braniewski wiejska Lelkowo
7%
wiejska Nurzec-Stacja
7%
śląskie raciborski wiejska Pietrowice Wielkie
7%
wiejska Płaska
7%
żywiecki wiejska Rajcza
7%
wiejska Rutka-Tartak
7%
kętrzyński wiejska Srokowo
7%
wiejska Stubno
7%
wiejska Ujsoły
7%
wiejska Ulhówek
7%
cieszyński wiejska Zebrzydowice
7%
wiejska Barciany
0%
węgorzewski wiejska Budry
0%
sejneński wiejska Giby
0%
wiejska Mircze
0%
wiejska Sidra
0%
wiejska Szudziałowo
0%
Nie znaleziono quizów pasujących do podanych kryteriów
Rozkład punktacji
Procent ludzi z każdym wynikiem
Percentyl według liczby udzielonych odpowiedzi
Twoja historia wyników
Nie rozwiązałeś tego quizu od ostatniego zresetowania